Normal view
MARC view
- Waldegg Casanova, Guillermina
Entry Nombre Personal
001 - NUMERO DE CONTROL
- campo de control: 31705
003 - IDENTIFICADOR DE NUMERO DE CONTROL
- campo de control: MX-MxUPN
005 - FECHA Y HORA DE LA ÜLTIMA TRANSACCIÓN
- campo de control: 20260417123610.0
008 - DATOS DE LONGITUD FIJA
- campo de control de longitud fija: 260417n| acannaabn a aaa |d
035 ## - NUMERO DE CONTROL
- Número de control: UPN11000003811
040 ## - FUENTE DE CATALOGACIÓN
- Agencia original de catalogación: MX-MxUPN
- Lenguaje de catalogación: spa
- Agencia de transcripción: MX-MxUPN
100 1# - ENCABEZAMIENTO - NOMBRE PERSONAL
- Nombre personal: Waldegg Casanova, Guillermina
400 1# - VEÁSE - NOMBRE DE PERSONA
- Personal name: Waldegg C., Guillermina
400 1# - VEÁSE - NOMBRE DE PERSONA
- Personal name: Waldegg, Guillermina
670 ## - FUENTE EN LA QUE SE LOCALIZARON DATOS
- Cita de la fuente: T
- Información localizada: La enseñanza de la física en la escuela secundaria : manual para el asesor
670 ## - FUENTE EN LA QUE SE LOCALIZARON DATOS
- Cita de la fuente: Cálculo avanzado, 1986 :
- Información localizada: reverso de la portada (Guillermina Waldegg C.)
670 ## - FUENTE EN LA QUE SE LOCALIZARON DATOS
- Cita de la fuente: Matemáticas en contexto 3, 2011:
- Información localizada: portada (Guillermina Waldegg)
680 ## - NOTA PUBLICA DE ACCESO PÚBLICO
- Frase explicativa de la referencia: Investigadora
902 ## - CATALOGADOR
- Catalogador: CAA/130112
